[Event "Kalamazoo Mini-Swiss.2"]
[Site "Kalamazoo, MI"]
[Date "1998.??.??"]
[Round "?"]
[White "Vaughn, Gerald"]
[Black "DeMott, K."]
[Result "1/2-1/2"]
[WhiteElo "1605"]
[BlackElo "1605"]
[PlyCount "108"]
[EventDate "1998.??.??"]

1. e4 c5 2. Nf3 d6 3. d4 cxd4 4. Nxd4 Nf6 5. Nc3 a6 6. Be2 e6 7. Bg5 Be7 8. O-O
Qc7 9. a4 Nbd7 10. f4 b6 11. f5 e5 12. Nf3 Bb7 13. Bxf6 Nxf6 14. Bd3 Rc8 15.
Qe2 O-O 16. Bxa6 Bxa6 17. Qxa6 Ng4 18. Qb5 Ne3 19. Rf2 Qc5 20. Qxc5 Rxc5 21.
Re2 Ng4 22. Nd5 Bd8 23. Rd1 Nf6 24. Nxf6+ Bxf6 25. Rxd6 b5 26. axb5 Rxb5 27. c4
Rc5 28. b3 Rb8 29. Re3 Be7 30. Rd7 Bf8 31. Red3 Ra5 32. R7d5 Bc5+ 33. Kf1 f6
34. Rd8+ Rxd8 35. Rxd8+ Kf7 36. Rd5 Bb4 37. g4 Ra3 38. Rd3 Ke7 39. g5 Bc5 40.
h4 Bd4 41. h5 Bc5 42. gxf6+ gxf6 43. h6 Ke8 44. Nd2 Bb4 45. Nf3 Bc5 46. Rd5 Bb4
47. Rd3 Bc5 48. Ne1 Ra1 49. Ke2 Ra2+ 50. Kd1 Rb2 51. Rd5 Be7 52. Rd3 Bb4 53.
Nc2 Rb1+ 54. Ke2 Rb2 1/2-1/2

[Event "Michigan Open"]
[Site "Flint, MI"]
[Date "1998.??.??"]
[Round "?"]
[White "Vasas, Jon"]
[Black "Skidmore, Mike"]
[Result "0-1"]
[WhiteElo "1660"]
[BlackElo "1895"]
[PlyCount "60"]
[EventDate "1998.09.??"]

{9/7} 1. g3 c6 2. Bg2 d5 3. Nf3 Bg4 4. O-O e6 5. c4 Nf6 6. cxd5 exd5 7. d4 Nbd7
8. Nc3 Be7 9. b3 O-O 10. Bb2 h6 11. Qc2 Re8 12. Rfe1 Bb4 13. a3 Bxc3 14. Bxc3
Ne4 15. Ne5 Bf5 16. Qb2 Nxc3 17. Qxc3 Nf6 18. e3 Qc8 19. Rec1 Bh3 20. Bh1 Ne4
21. Qb2 f6 22. Ng6 Ng5 23. b4 Bf5 24. Nf4 Nh3+ 25. Kf1 Nxf4 26. gxf4 Bd3+ 27.
Ke1 Qh3 28. Kd2 Bc4 29. Kc3 Rxe3+ 30. fxe3 Qxe3+ 0-1

[Event "Michigan Open"]
[Site "Flint, MI"]
[Date "1998.??.??"]
[Round "?"]
[White "Vasas, Jon"]
[Black "Rosenberg, Steve"]
[Result "1-0"]
[WhiteElo "1660"]
[BlackElo "1930"]
[PlyCount "77"]
[EventDate "1998.09.??"]

{9/5} 1. g3 d5 2. Bg2 c5 3. c4 e6 4. cxd5 exd5 5. Nf3 Nc6 6. O-O Nf6 7. d4 Qb6
8. dxc5 Qxc5 9. Bg5 Be7 10. e3 Bg4 11. Qa4 b5 12. Qb3 Rd8 13. Nc3 a6 14. Ne2
O-O 15. Ned4 Na5 16. Qd3 Rfe8 17. Rfc1 Qb6 18. b3 h6 19. Bxf6 Bxf6 20. h3 Bh5
21. Nd2 Bg6 22. Qc3 Rc8 23. Qxc8 Rxc8 24. Rxc8+ Kh7 25. N2f3 Nb7 26. Rd1 Be4
27. Rd2 Qd6 28. Rc6 Qb4 29. Rd1 Qa3 30. Rd2 Nd8 31. Rc7 Ne6 32. Nxe6 fxe6 33.
Nd4 Bxd4 34. exd4 Bg6 35. Rc6 Bf7 36. Rc7 Bg6 37. Rc6 a5 38. Kh2 Qc1 39. Rxc1
1-0

[Event "Michigan Open"]
[Site "Flint, MI"]
[Date "1998.??.??"]
[Round "?"]
[White "Vasas, Jon"]
[Black "Aldrich, Jeff"]
[Result "0-1"]
[WhiteElo "1660"]
[BlackElo "2010"]
[PlyCount "48"]
[EventDate "1998.09.??"]

{9/6} 1. g3 d5 2. Bg2 Nf6 3. c4 c6 4. cxd5 cxd5 5. Nf3 Nc6 6. O-O e5 7. d3 Bd6
8. Bg5 Be6 9. Nc3 h6 10. Bxf6 Qxf6 11. Nb5 Bb8 12. Qa4 O-O 13. Qa3 Rd8 14. Rac1
e4 15. Nd2 Be5 16. Nc3 exd3 17. exd3 b5 18. Qc5 Rac8 19. Nxd5 Bxd5 20. Bxd5 Ne7
21. Bxf7+ Kxf7 22. Qxa7 Rxc1 23. Rxc1 Bd4 24. Qb7 Qxf2+ 0-1

[Event "Kalamazoo Mini-Swiss.3"]
[Site "Kalamazoo, MI"]
[Date "1998.??.??"]
[Round "?"]
[White "Varner, Bill"]
[Black "Thomas, Courtney"]
[Result "1-0"]
[WhiteElo "1605"]
[BlackElo "1605"]
[PlyCount "91"]
[EventDate "1998.??.??"]

1. d4 Nf6 2. Nf3 d5 3. c4 c6 4. Nc3 Bf5 5. Bf4 e6 6. e3 Bd6 7. Ne5 Bxe5 8. Bxe5
Nbd7 9. cxd5 exd5 10. Qf3 O-O 11. Qxf5 Re8 12. Bd3 Qe7 13. Bxf6 Nxf6 14. O-O
Qe6 15. Qf3 Qg4 16. Qxg4 Nxg4 17. h3 Nf6 18. Rac1 Re7 19. e4 dxe4 20. Bc4 Rd8
21. Ne2 a6 22. Rc3 b5 23. Bb3 Rd6 24. Ng3 g6 25. Re1 Rxd4 26. Rxc6 Kg7 27. Rxa6
Rd2 28. f3 Rxg2+ 29. Kxg2 exf3+ 30. Kf2 Rxe1 31. Kxe1 h5 32. Kf2 g5 33. Kxf3
g4+ 34. Kg2 Kg6 35. hxg4 hxg4 36. Bc2+ Kg5 37. Ne4+ Nxe4 38. Bxe4 f5 39. Ra5
fxe4 40. Rxb5+ Kf4 41. a4 Ke3 42. a5 Kd4 43. a6 e3 44. a7 e2 45. Kf2 g3+ 46.
Kxe2 1-0

[Event "Michigan Amateur"]
[Site "Kalamazoo "]
[Date "1998.??.??"]
[Round "?"]
[White "Varner, Bill"]
[Black "Rivers, R."]
[Result "1-0"]
[WhiteElo "1605"]
[BlackElo "1605"]
[PlyCount "53"]
[EventDate "1998.07.??"]

{7/19} 1. d4 Nf6 2. Nc3 e6 3. e4 d5 4. e5 Nfd7 5. Bd3 c5 6. dxc5 Bxc5 7. Nf3
Nc6 8. Be3 Qb6 9. Na4 Qa5+ 10. Nc3 d4 11. Nxd4 Bxd4 12. Bd2 Qxe5+ 13. Qe2 Bxf2+
14. Kxf2 Qc5+ 15. Qe3 O-O 16. Ne4 Qe7 17. h4 Nde5 18. Qe1 b6 19. a3 Bb7 20. b4
Nd4 21. Qd1 Bxe4 22. Bxe4 Rad8 23. Bxh7+ Kxh7 24. Qh5+ Kg8 25. Qxe5 Nxc2 26.
Bc3 Rd5 27. Qxg7# 1-0

[Event "Michigan Amateur"]
[Site "Kalamazoo "]
[Date "1998.??.??"]
[Round "?"]
[White "Varner, Bill"]
[Black "Moore, Martin"]
[Result "0-1"]
[WhiteElo "1605"]
[BlackElo "1605"]
[PlyCount "102"]
[EventDate "1998.07.??"]

{7/18} 1. d4 d5 2. c4 Nf6 3. Nc3 e6 4. Nf3 Nc6 5. cxd5 Nxd5 6. e3 Bb4 7. a3
Bxc3+ 8. bxc3 Nxc3 9. Qc2 Nd5 10. Bd3 g6 11. Bb2 Qe7 12. Ne5 Nxe5 13. dxe5 O-O
14. O-O b6 15. Qe2 Bb7 16. e4 Nf4 17. Qf3 Nxd3 18. Qxd3 h5 19. Rac1 h4 20. Qf3
Rac8 21. Rc3 Qg5 22. Bc1 Qxe5 23. Bf4 Qxe4 24. Rfc1 Rfd8 25. h3 Rd7 26. Qxe4
Bxe4 27. Bg5 c5 28. Bf6 Rc6 29. Rc4 e5 30. Bxe5 Re6 31. Rxe4 Rde7 32. Rce1 f6
33. Rxh4 Rxe5 34. Rxe5 Rxe5 35. Rf4 Kf7 36. h4 b5 37. Rf3 c4 38. g4 Re1+ 39.
Kg2 Rb1 40. g5 Rb3 41. Rxf6+ Kg7 42. Ra6 c3 43. Rxa7+ Kf8 44. a4 b4 45. Ra6 c2
46. Rxg6 c1=Q 47. Rf6+ Kg7 48. f3 Rb2+ 49. Kg3 Qc7+ 50. Kg4 Rg2+ 51. Kh3 Qh2#
0-1

[Event "Kalamazoo Mini-Swiss.3"]
[Site "Kalamazoo, MI"]
[Date "1998.??.??"]
[Round "?"]
[White "Varner, Bill"]
[Black "Johnston, Donta"]
[Result "1/2-1/2"]
[WhiteElo "1605"]
[BlackElo "1605"]
[PlyCount "118"]
[EventDate "1998.??.??"]

1. d4 d5 2. c4 e6 3. Nf3 c5 4. e3 cxd4 5. Nxd4 Nf6 6. Nc3 Bb4 7. cxd5 Nxd5 8.
a3 Nxc3 9. Qb3 Nb5+ 10. Qxb4 Nxd4 11. exd4 Nc6 12. Bb5 Bd7 13. Qd6 Qa5+ 14. Bd2
Qxb5 15. b4 Qd5 16. Qxd5 exd5 17. Be3 O-O 18. O-O a5 19. b5 Ne7 20. a4 b6 21.
Bf4 Nf5 22. Bc7 Nxd4 23. Bxb6 Rfb8 24. Bxd4 f6 25. b6 Rb7 26. Rfc1 Rc8 27.
Rxc8+ Bxc8 28. Rc1 Be6 29. Rc6 Bd7 30. Rd6 Be8 31. Rxd5 Bxa4 32. Rxa5 Bc6 33.
h4 Rd7 34. Be3 Kf7 35. Bf4 Rb7 36. Bc7 Ke6 37. f3 Bd5 38. Kf2 Bc6 39. Ke3 Kd7
40. Kd4 g6 41. g4 Bxf3 42. g5 f5 43. Ke5 Bc6 44. Kf6 f4 45. Kg7 f3 46. Kxh7 f2
47. Ra1 Bg2 48. Kxg6 f1=Q 49. Rxf1 Bxf1 50. Kf6 Ke8 51. Kg7 Bd3 52. h5 Ke7 53.
g6 Bxg6 54. Kxg6 Kf8 55. Kf6 Kg8 56. Ke6 Kh7 57. Kd6 Kh6 58. Kc6 Rxb6+ 59. Kxb6
Kxh5 1/2-1/2

[Event "Kalamazoo Mini-Swiss.2"]
[Site "Kalamazoo, MI"]
[Date "1998.??.??"]
[Round "?"]
[White "Varner, Bill"]
[Black "Jackson, Don"]
[Result "0-1"]
[WhiteElo "1605"]
[BlackElo "1605"]
[PlyCount "92"]
[EventDate "1998.??.??"]

1. d4 h6 2. e4 g5 3. f4 gxf4 4. Bxf4 Bg7 5. Nf3 c5 6. Nc3 d6 7. dxc5 Qa5 8. Qd2
Qxc5 9. O-O-O Bd7 10. Qd5 Nf6 11. Qxc5 dxc5 12. Nb5 Bxb5 13. Bxb5+ Nc6 14. Bc7
O-O 15. e5 Ng4 16. Rd2 Ncxe5 17. h3 Nxf3 18. gxf3 Nf6 19. Rg1 Nh7 20. Rd7 Nf6
21. Rd3 a6 22. Bd7 Nxd7 23. Rxd7 Kh7 24. Rxe7 Rae8 25. Rge1 Rc8 26. f4 Bf6 27.
Rd7 Kg6 28. Rg1+ Kf5 29. Rd5+ Ke6 30. Rxc5 Bd4 31. f5+ Kf6 32. Be5+ Bxe5 33.
Rd5 Rfe8 34. Rgd1 Rc7 35. a3 Kxf5 36. Rd7 Re7 37. R7d3 Ke6 38. Rf1 Rc6 39. Kb1
Rec7 40. c3 Rb6 41. Re3 f6 42. Rg1 Kf7 43. Rd3 Bxc3 44. Rg2 Be5 45. h4 h5 46.
Rdg3 Bxg3 0-1

[Event "Michigan Amateur"]
[Site "Kalamazoo "]
[Date "1998.??.??"]
[Round "?"]
[White "Varner, Bill"]
[Black "Choate, Eric"]
[Result "0-1"]
[WhiteElo "1605"]
[BlackElo "1605"]
[PlyCount "90"]
[EventDate "1998.07.??"]

{7/18} 1. d4 d5 2. Nf3 e6 3. Bf4 Nf6 4. c4 dxc4 5. Nc3 Nc6 6. e3 Na5 7. Qa4+
Nc6 8. Bxc4 Bd7 9. Qc2 Be7 10. Bd3 Nb4 11. Qe2 h6 12. a3 Nxd3+ 13. Qxd3 O-O 14.
e4 Bc6 15. Rc1 a6 16. Ne5 Qe8 17. Ne2 Bxe4 18. Qc3 Bd6 19. O-O Qb5 20. Rfe1
Rac8 21. Bg3 Qd5 22. Nf4 Qb5 23. Bh4 g5 24. Qg3 Bxe5 25. Bxg5 Bxf4 26. Bxf4+
Kh7 27. Be5 Rg8 28. Rc5 Qxb2 29. Qh4 Bxg2 30. Bg3 Qd2 31. Rce5 Ne4 32. R5xe4
Bxe4 33. Qxe4+ Rg6 34. h4 Kg7 35. h5 Rg5 36. Re2 Qd1+ 37. Re1 Qxh5 38. Re3 c6
39. Kf1 Rf8 40. Bf4 Rg4 41. Rf3 Rd8 42. Be5+ Kg8 43. Rg3 Rxg3 44. fxg3 Qf5+ 45.
Qxf5 exf5 0-1

[Event "Michigan Amateur"]
[Site "Kalamazoo "]
[Date "1998.??.??"]
[Round "?"]
[White "Vandivier, Don"]
[Black "Scioly, Tony"]
[Result "1-0"]
[WhiteElo "1880"]
[BlackElo "1605"]
[PlyCount "55"]
[EventDate "1998.07.??"]

{7/18} 1. e4 c5 2. Nf3 d6 3. d4 cxd4 4. Nxd4 Nf6 5. Nc3 e6 6. Be3 a6 7. Be2 Nc6
8. Qd2 Be7 9. h3 Bd7 10. O-O-O Qc7 11. g4 h6 12. Kb1 O-O-O 13. f4 Nxd4 14. Bxd4
Bc6 15. Qe3 Qd7 16. Bb6 Rde8 17. Rd3 Bd8 18. Rhd1 Bxb6 19. Qxb6 d5 20. g5 hxg5
21. fxg5 Nh7 22. exd5 Bb5 23. Nxb5 axb5 24. dxe6 Rxe6 25. Qa7 Qxd3 26. Bxd3 Rd8
27. Rf1 Red6 28. Rxf7 1-0

[Event "Michigan Open"]
[Site "Flint, MI"]
[Date "1998.??.??"]
[Round "?"]
[White "Vandivier, Don"]
[Black "McCarter, Robert"]
[Result "1-0"]
[WhiteElo "1880"]
[BlackElo "1630"]
[PlyCount "73"]
[EventDate "1998.09.??"]

{9/6} 1. e4 c5 2. Nf3 d6 3. d4 cxd4 4. Nxd4 Nf6 5. Nc3 a6 6. Bg5 e6 7. f4 Be7
8. Qf3 Qa5 9. O-O-O Bd7 10. Nb3 Qc7 11. f5 Nc6 12. Bf4 O-O 13. g4 exf5 14. gxf5
Ne5 15. Bxe5 dxe5 16. Rg1 Rac8 17. Bd3 Bb4 18. Qg2 g6 19. fxg6 fxg6 20. Nd5
Nxd5 21. exd5 Bf5 22. Kb1 Bxd3 23. Rxd3 Rf4 24. d6 Bxd6 25. Qd5+ Kg7 26. Qxd6
Qxc2+ 27. Ka1 Rcf8 28. Qxe5+ Kg8 29. Qd5+ Kh8 30. Rc1 Rf1 31. Rdd1 Rxd1 32.
Qxd1 Qxh2 33. Qd7 Qg2 34. Rc7 Rf1+ 35. Nc1 Rxc1+ 36. Rxc1 Qg5 37. Rc8+ 1-0

[Event "Michigan Open"]
[Site "Flint, MI"]
[Date "1998.??.??"]
[Round "?"]
[White "Vandivier, Don"]
[Black "Kulbacki, James"]
[Result "0-1"]
[WhiteElo "1880"]
[BlackElo "2045"]
[PlyCount "62"]
[EventDate "1998.09.??"]

{9/5} 1. e4 e6 2. d4 d5 3. Nc3 Nf6 4. Bg5 Be7 5. Bxf6 Bxf6 6. e5 Be7 7. Qg4 Bf8
8. Nf3 b6 9. O-O-O Ba6 10. Bb5+ c6 11. Ba4 Qc7 12. Ng5 b5 13. Bb3 Nd7 14. f4 g6
15. Qh3 Nb6 16. a4 O-O-O 17. axb5 cxb5 18. Kb1 Kb8 19. Qd3 Nc4 20. g4 h6 21.
Nf3 Qa5 22. Bxc4 bxc4 23. Qe3 Ka8 24. Na2 Rb8 25. Qc3 Qxc3 26. Nxc3 Ba3 27. Na4
Rhc8 28. Ka2 Bxb2 29. Nxb2 c3 30. Nd3 Bxd3 31. Rxd3 Rc6 0-1

[Event "Michigan Open"]
[Site "Flint, MI"]
[Date "1998.??.??"]
[Round "?"]
[White "Vandivier, Don"]
[Black "Fischvogt, Eric"]
[Result "0-1"]
[WhiteElo "1880"]
[BlackElo "2220"]
[PlyCount "32"]
[EventDate "1998.09.??"]

{9/5} 1. e4 e6 2. d4 d5 3. Nc3 Nf6 4. e5 Nfd7 5. Qg4 c5 6. Nb5 cxd4 7. Nf3 Nc6
8. Nd6+ Bxd6 9. Qxg7 Bb4+ 10. c3 dxc3 11. Qxh8+ Nf8 12. b3 c2+ 13. Bd2 Qa5 14.
Bd3 Bxd2+ 15. Nxd2 Qc3 16. Bxc2 Qxa1+ 0-1

[Event "Michigan Amateur"]
[Site "Kalamazoo "]
[Date "1998.??.??"]
[Round "?"]
[White "Vandivier, Don"]
[Black "Aldrich, Justin"]
[Result "1-0"]
[WhiteElo "1880"]
[BlackElo "1605"]
[PlyCount "63"]
[EventDate "1998.07.??"]

{7/19} 1. e4 e5 2. Bc4 Bc5 3. Nf3 d6 4. d4 exd4 5. O-O Bg4 6. e5 Nc6 7. exd6
Bxd6 8. Re1+ Nge7 9. Bxf7+ Kxf7 10. Ng5+ Kg8 11. Qxg4 Qc8 12. Qf3 Qf5 13. Qb3+
Qd5 14. Nd2 Qxb3 15. Nxb3 h6 16. Nf3 Rf8 17. Nbxd4 Nxd4 18. Nxd4 Bc5 19. Be3
Rf6 20. Rad1 a6 21. Nf3 Bxe3 22. Rxe3 Nf5 23. Rc3 Rb6 24. b3 c6 25. Rd7 g5 26.
g4 Ng7 27. Re3 c5 28. Ree7 Ne6 29. Ne5 h5 30. Ng6 hxg4 31. Re8+ Nf8 32. Rxf8#
1-0

[Event "Kalamazoo Mini-Swiss.3"]
[Site "Kalamazoo, MI"]
[Date "1998.??.??"]
[Round "?"]
[White "VanderLaan, D."]
[Black "SanAndreas, E."]
[Result "0-1"]
[WhiteElo "1605"]
[BlackElo "1605"]
[PlyCount "58"]
[EventDate "1998.??.??"]

1. e4 e6 2. d4 c5 3. Nf3 Nc6 4. Be3 Qb6 5. b3 Nf6 6. dxc5 Bxc5 7. Bxc5 Qxc5 8.
Nbd2 Ng4 9. Qe2 Qxc2 10. Nc4 Qc3+ 11. Qd2 Qxa1+ 12. Ke2 O-O 13. h3 Nge5 14.
Nfxe5 Nxe5 15. Qc2 Nxc4 16. Qxc4 Qxa2+ 17. Ke3 b6 18. Bd3 Bb7 19. Qb4 d5 20. e5
Qa5 21. Qd4 Qc5 22. Ra1 Qxd4+ 23. Kxd4 Rfc8 24. f4 Rc5 25. h4 Ra5 26. Rb1 Ba6
27. Bc2 Rc8 28. b4 Rc4+ 29. Kd3 Rxb4+ 0-1

[Event "Kalamazoo Mini-Swiss.2"]
[Site "Kalamazoo, MI"]
[Date "1998.??.??"]
[Round "?"]
[White "VanderLaan, D."]
[Black "Richardson, M."]
[Result "1-0"]
[WhiteElo "1605"]
[BlackElo "1605"]
[PlyCount "89"]
[EventDate "1998.??.??"]

1. e4 e5 2. Nf3 Nc6 3. Bb5 Bc5 4. O-O Nf6 5. Re1 O-O 6. h3 b6 7. Bxc6 dxc6 8.
c3 b5 9. d4 exd4 10. cxd4 Bb6 11. Bg5 h6 12. Bf4 Re8 13. Be5 Bb7 14. Nc3 Ba5
15. a3 b4 16. axb4 Bxb4 17. Qd3 a5 18. Re3 Ba6 19. Qd2 Bb5 20. Qc2 Bxc3 21.
bxc3 Bc4 22. Nd2 Be6 23. c4 Bc8 24. Ra4 Nd7 25. Bh2 Ba6 26. Rxa5 Nb6 27. c5
Qxd4 28. cxb6 cxb6 29. Ra4 Bd3 30. Rxd4 Bxc2 31. Re1 c5 32. Rc4 Ra5 33. Rxc2
Rd8 34. Bc7 Rc8 35. Bxb6 Rb5 36. Bxc5 Rbxc5 37. Rxc5 Rxc5 38. f4 Rc4 39. Nxc4
Kh7 40. Nd6 f6 41. f5 Kg8 42. Rc1 Kf8 43. Rc7 Kg8 44. Kf2 Kh7 45. h4 1-0

[Event "Michigan Class D/E"]
[Site "Grand Rapids, MI"]
[Date "1998.??.??"]
[Round "?"]
[White "VanderLaan, D."]
[Black "Paul, Dennis"]
[Result "0-1"]
[WhiteElo "1605"]
[BlackElo "1605"]
[PlyCount "88"]
[EventDate "1998.01.??"]

1. e4 e5 2. Nf3 Nc6 3. Bb5 Nge7 4. d4 exd4 5. Nxd4 a6 6. Ba4 b5 7. Bb3 Bb7 8.
Nf3 h6 9. c3 Ng6 10. O-O Bc5 11. Qd5 Qe7 12. Rd1 Na5 13. Qf5 Nxb3 14. axb3 d6
15. Re1 O-O 16. Nd4 Ne5 17. Re3 Bc8 18. Qf4 Ng6 19. Qg3 Bd7 20. Nd2 Kh7 21. f4
Qf6 22. Rf3 Bxd4+ 23. cxd4 Qxd4+ 24. Re3 f5 25. exf5 Nxf4 26. Kh1 Rxf5 27. Re7
Rg5 28. Nf3 Qd1+ 29. Re1 Rxg3 30. Rxd1 Rxg2 31. Bxf4 Rxb2 32. Nd4 c5 33. Bc1
Rf2 34. Kg1 Raf8 35. Be3 R2f7 36. Nc2 Rf6 37. Rxa6 Rg6+ 38. Kh1 Bf5 39. h4 Be4+
40. Kh2 Rg2+ 41. Kh3 Rxc2 42. Raxd6 Rf3+ 43. Kg4 Rg2+ 44. Kh5 g6+ 0-1

[Event "Kalamazoo Mini-Swiss.3"]
[Site "Kalamazoo, MI"]
[Date "1998.??.??"]
[Round "?"]
[White "VanderLaan, D."]
[Black "Mondejar, J."]
[Result "0-1"]
[WhiteElo "1605"]
[BlackElo "1605"]
[PlyCount "82"]
[EventDate "1998.??.??"]

1. e4 c5 2. Nf3 Nc6 3. d4 cxd4 4. Nxd4 d6 5. Bb5 Bd7 6. Nc3 Nf6 7. O-O g6 8.
Re1 a6 9. Bc4 b5 10. Nxc6 Bxc6 11. Bd5 Rc8 12. Bg5 Bg7 13. Bxc6+ Rxc6 14. e5
Nd7 15. exd6 f6 16. Bh4 e5 17. f4 Qc8 18. Nd5 Rxd6 19. Nxf6+ Rxf6 20. Bxf6 Bxf6
21. Qd6 Be7 22. Rxe5 Nxe5 23. Qxe5 Rf8 24. Re1 Rf7 25. c4 bxc4 26. Rc1 Qc5+ 27.
Qxc5 Bxc5+ 28. Kf1 Rxf4+ 29. Ke2 Kd7 30. b3 Kc6 31. bxc4 Rf2+ 32. Ke1 Rxg2 33.
Rb1 Kc7 34. a4 Rxh2 35. Rd1 Bb4+ 36. Kf1 Rh1+ 37. Ke2 Rxd1 38. Kxd1 Kd6 39. Ke2
Ke6 40. Ke3 Ke5 41. Kf3 Kd4 0-1

[Event "Michigan Class D/E"]
[Site "Grand Rapids, MI"]
[Date "1998.??.??"]
[Round "?"]
[White "VanderLaan, D."]
[Black "Miller, Jess"]
[Result "0-1"]
[WhiteElo "1605"]
[BlackElo "1605"]
[PlyCount "86"]
[EventDate "1998.01.??"]

1. e4 c5 2. Nf3 Nc6 3. d4 e6 4. Nc3 d5 5. Be3 Qb6 6. Na4 Qb4+ 7. c3 Qa5 8. e5
Bd7 9. dxc5 Nxe5 10. b4 Nxf3+ 11. Qxf3 Qxa4 12. Qd1 Qxd1+ 13. Rxd1 Nf6 14. Be2
Rd8 15. O-O Ne4 16. Rc1 a6 17. f3 Nf6 18. Ra1 Be7 19. a4 O-O 20. b5 axb5 21.
axb5 Rb8 22. c4 dxc4 23. Rfc1 Bxb5 24. Bxc4 Bxc4 25. Rxc4 Rfc8 26. Rac1 h6 27.
Bf4 Ra8 28. Bd6 Bxd6 29. cxd6 Rxc4 30. Rxc4 Ra1+ 31. Kf2 Rd1 32. Rb4 Rxd6 33.
Rxb7 Rd2+ 34. Kg1 Nd5 35. Rd7 Ra2 36. h4 Ne3 37. g4 Ra4 38. h5 Nxg4 39. fxg4
Rxg4+ 40. Kf2 Rg5 41. Rd8+ Kh7 42. Rd7 Rxh5 43. Rxf7 Rf5+ 0-1

[Event "Kalamazoo Mini-Swiss.3"]
[Site "Kalamazoo, MI"]
[Date "1998.??.??"]
[Round "?"]
[White "Van Den Abell, Tom"]
[Black "Russell, Scott"]
[Result "1-0"]
[WhiteElo "1605"]
[BlackElo "1605"]
[PlyCount "52"]
[EventDate "1998.??.??"]

1. d4 d5 2. Nf3 e6 3. e3 c5 4. c3 Nf6 5. Bd3 c4 6. Bc2 Bd6 7. Nbd2 O-O 8. e4
Re8 9. e5 Bc7 10. exf6 Qxf6 11. b3 b5 12. O-O Nd7 13. Ne4 dxe4 14. Bxe4 Rb8 15.
Bg5 cxb3 16. axb3 Bb7 17. Bxf6 gxf6 18. Qd3 f5 19. Bxb7 Rxb7 20. Nh4 Bd8 21.
Qg3+ Kh8 22. Rfe1 Rg8 23. Qf4 Bxh4 24. g3 Bd8 25. Qd6 Nf6 26. Qe5 Rg6 {
[Remainder illegible]} 1-0

[Event "Kalamazoo Mini-Swiss.2"]
[Site "Kalamazoo, MI"]
[Date "1998.??.??"]
[Round "?"]
[White "Van Den Abell, Tom"]
[Black "Carpenter, George"]
[Result "0-1"]
[WhiteElo "1605"]
[BlackElo "1605"]
[PlyCount "64"]
[EventDate "1998.??.??"]

1. d4 d5 2. Nf3 Nf6 3. e3 e6 4. Bd3 g6 5. Nbd2 Bg7 6. e4 dxe4 7. Nxe4 Nxe4 8.
Bxe4 O-O 9. c3 Nd7 10. h4 Nf6 11. Bc2 b6 12. Bg5 Bb7 13. Bxf6 Qxf6 14. h5 Rad8
15. Qd2 Bxf3 16. gxf3 Qxf3 17. Rh2 Be5 18. Rh4 c5 19. Be4 Qf6 20. Rg4 cxd4 21.
Qg5 dxc3 22. b3 c2 23. Bxc2 Bxa1 24. Rg3 Bc3+ 25. Kf1 Rd2 26. Bf5 Qxg5 27. Rxg5
exf5 28. a3 Rd3 29. Ke2 Rd2+ 30. Kf3 Re8 31. Rg1 Ree2 32. Rf1 Bd4 0-1

[Event "Kalamazoo Mini-Swiss.2"]
[Site "Kalamazoo, MI"]
[Date "1998.??.??"]
[Round "?"]
[White "Van Den Abell, Tom"]
[Black "Bennett, D."]
[Result "1-0"]
[WhiteElo "1605"]
[BlackElo "1605"]
[PlyCount "84"]
[EventDate "1998.??.??"]

1. d4 Nf6 2. Nf3 b6 3. e3 Bb7 4. Bd3 e6 5. Nbd2 Bb4 6. c3 Be7 7. e4 d5 8. e5
Ne4 9. O-O c5 10. Re1 Nxd2 11. Bxd2 O-O 12. Rc1 Nd7 13. Qc2 g6 14. Bh6 Re8 15.
Qd2 c4 16. Bc2 Nf8 17. Qf4 b5 18. h4 f6 19. Qg3 f5 20. h5 Kh8 21. Ng5 Bxg5 22.
Bxg5 Qd7 23. Bf6+ Kg8 24. Qg5 Qf7 25. Re3 Nd7 26. Bd1 Nxf6 27. exf6 Rf8 28. Rg3
Qxf6 29. hxg6 Qxg5 30. Rxg5 h6 31. Rg3 Kg7 32. Bh5 f4 33. Rg4 Bc8 34. Rh4 Rf5
35. Re1 Bd7 36. Re5 Raf8 37. f3 R5f6 38. Kf2 Rf5 39. g3 Rxe5 40. dxe5 fxg3+ 41.
Kxg3 Rf5 42. f4 Rg5+ 1-0

[Event "Kalamazoo Mini-Swiss.2"]
[Site "Kalamazoo, MI"]
[Date "1998.??.??"]
[Round "?"]
[White "Tuzeneu, Jim"]
[Black "Russell, Scott"]
[Result "0-1"]
[WhiteElo "1605"]
[BlackElo "1605"]
[PlyCount "44"]
[EventDate "1998.??.??"]

1. e4 d5 2. Bd3 Nf6 3. Nc3 dxe4 4. Nxe4 e6 5. Nf3 Be7 6. O-O O-O 7. Re1 b6 8.
Be2 Nxe4 9. d3 Nf6 10. Bd2 Bb7 11. Ne5 Nbd7 12. Nc4 Bc5 13. b4 Bxf2+ 14. Kxf2
Ne5 15. Nxe5 Qd4+ 16. Be3 Qxe5 17. g3 Qf5+ 18. Bf4 e5 19. Bf3 exf4 20. Bxb7
fxg3+ 21. Kg1 Qf2+ 22. Kh1 Qxh2# 0-1

[Event "Kalamazoo Mini-Swiss.2"]
[Site "Kalamazoo, MI"]
[Date "1998.??.??"]
[Round "?"]
[White "Tuzeneu, Jim"]
[Black "Roth, Bruce"]
[Result "0-1"]
[WhiteElo "1605"]
[BlackElo "1605"]
[PlyCount "80"]
[EventDate "1998.??.??"]

1. e4 c6 2. d4 d5 3. e5 Bf5 4. Bd3 Bxd3 5. Qxd3 e6 6. Bd2 Nd7 7. Nf3 h6 8. Nc3
c5 9. Ne2 cxd4 10. Nfxd4 Nxe5 11. Qb5+ Qd7 12. Qxd7+ Nxd7 13. O-O a6 14. Rfe1
Ngf6 15. Ng3 Bc5 16. Be3 Ng4 17. c3 Nxe3 18. Rxe3 O-O 19. b4 Bb6 20. Rae1 e5
21. R3e2 exd4 22. Re7 Rad8 23. Nf5 dxc3 24. Nd6 Nf6 25. Nf5 Rfe8 26. g3 Ne4 27.
Re2 Rxe7 28. Nxe7+ Kf8 29. Nf5 Re8 30. Kf1 Nd2+ 31. Ke1 Rxe2+ 32. Kxe2 Bxf2 33.
Kd3 Ne4 34. a4 g6 35. Nxh6 f5 36. Kc2 Kg7 37. Nxf5+ gxf5 38. Kd3 Kf6 39. Kc2
Kg5 40. b5 axb5 0-1

[Event "Michigan Amateur"]
[Site "Kalamazoo "]
[Date "1998.??.??"]
[Round "?"]
[White "Tuzeneu, Jim"]
[Black "Phillips, T."]
[Result "0-1"]
[WhiteElo "1605"]
[BlackElo "1605"]
[PlyCount "72"]
[EventDate "1998.07.??"]

{7/18} 1. e4 e6 2. d4 d5 3. e5 c5 4. c4 dxc4 5. Nf3 Nc6 6. Be3 cxd4 7. Bxd4 b5
8. a3 a6 9. Be2 Bb7 10. O-O Nxd4 11. Nxd4 Bc5 12. Nf3 Ne7 13. a4 O-O 14. Nbd2
Qd5 15. Qc2 Ng6 16. Qe4 Qxe4 17. Nxe4 Bxe4 18. Rfd1 Nf4 19. Bf1 Bd3 20. Rac1
Rfd8 21. b3 Ba3 22. Rc3 Bb2 23. Rdc1 Bxc3 24. Rxc3 Bxf1 25. h3 Ne2+ 26. Kh2
Nxc3 27. Kg1 Rd1 28. g4 Bxh3+ 29. Kh2 cxb3 30. Kxh3 b2 31. Kg3 Ne2+ 32. Kh4
b1=Q 33. Nh2 Rh1 34. Kh3 Qf1+ 35. Kh4 Rxh2+ 36. Kg5 h6# 0-1

[Event "Michigan Amateur"]
[Site "Kalamazoo "]
[Date "1998.??.??"]
[Round "?"]
[White "Tuzeneu, Jim"]
[Black "Draper, M."]
[Result "1-0"]
[WhiteElo "1605"]
[BlackElo "1605"]
[PlyCount "49"]
[EventDate "1998.07.??"]

{7/18} 1. e4 e5 2. d4 exd4 3. Qxd4 Nc6 4. Qd2 Bc5 5. Nf3 Nf6 6. e5 Ng4 7. Qf4
Bxf2+ 8. Ke2 d6 9. h3 Ngxe5 10. Kxf2 Ng6 11. Qg5 O-O 12. Bd3 Be6 13. Qe3 Qf6
14. c4 Bf5 15. Nc3 Bxd3 16. Qxd3 Nce5 17. Qe3 Qh4+ 18. Nxh4 Nxh4 19. Bd2 Nxc4
20. Qe4 Nxd2 21. Qxh4 Rad8 22. Rhe1 d5 23. Qd4 Ne4+ 24. Nxe4 dxe4 25. Qxe4 1-0

[Event "Kalamazoo Mini-Swiss.3"]
[Site "Kalamazoo, MI"]
[Date "1998.??.??"]
[Round "?"]
[White "Tuzeneu, Jim"]
[Black "DeWitt, A."]
[Result "0-1"]
[WhiteElo "1605"]
[BlackElo "1605"]
[PlyCount "96"]
[EventDate "1998.??.??"]

1. e4 e5 2. Nf3 Nf6 3. Nc3 Nc6 4. d3 Bb4 5. Bd2 O-O 6. Ne2 Bxd2+ 7. Qxd2 d5 8.
c3 Bg4 9. Neg1 dxe4 10. dxe4 Nxe4 11. Qc2 Bxf3 12. Nxf3 f5 13. Bd3 Qd5 14. O-O
Ne7 15. c4 Qc6 16. Nxe5 Qe6 17. Qc3 Nxc3 18. Rfe1 Ne4 19. Nf3 Rad8 20. Ng5 Qf6
21. Nxe4 fxe4 22. Bxe4 Qxf2+ 23. Kh1 Rd2 24. Bxb7 Rfd8 25. h3 Qxe1+ 26. Rxe1
Rd1 27. Rg1 Rxg1+ 28. Kxg1 Rb8 29. b4 Rxb7 30. b5 Nf5 31. a4 h5 32. c5 h4 33.
c6 Rb8 34. Kf2 a6 35. bxa6 Ra8 36. Kf3 Rxa6 37. Kg4 g6 38. Kg5 Kg7 39. Kf4
Rxa4+ 40. Ke5 Kf7 41. Kd5 Kf6 42. Kc5 Ke5 43. Kb5 Rd4 44. Ka6 Rb4 45. Ka7 Kd6
46. Ka6 Kxc6 47. Ka5 Rb8 48. Ka6 Ra8# 0-1